| 000 | 00744nam a2200205Ii 4500 | ||
|---|---|---|---|
| 003 | JO-AjNU | ||
| 008 | 230605s9999||||xx |||||||||||||| ||und|| | ||
| 040 |
_aJO-AjNU _bara _erda _cJO-AjNU |
||
| 041 | _aara | ||
| 050 | 1 | 4 | _aBP173.25.I486 1983 |
| 100 | 3 |
_aعلوان، محمد, _eauthor _935967 |
|
| 245 | 0 | 0 | _aمفهوم إسلامي جديد لعلم الإجتماع : الجماعة، ج1 |
| 250 | _aط1 | ||
| 264 | 3 | 1 | _aجدة: دار الشروق للنشر والتوزيع والطباعة، 1983 |
| 300 | _aج1، 194ص | ||
| 336 |
_atext _btxt _2rdacontent |
||
| 337 |
_aunmediated _bn _2rdamedia |
||
| 338 |
_avolume _bnc _2rdacarrier |
||
| 650 | 4 |
_aالاسلام والمجتمع- الاسلام وعلم الاجتماع _935968 |
|
| 999 |
_aA14900 _c18468 _d18468 |
||